000
00344 a2200121 4500
001
ART_37934
005
20260410161751.0
008
260409a
245
1
0
_a
Facturación en moneda extranjera
100
1
_a
García, Fernando D.
700
1
_a
Volman, Mario
773
0
_t
Doctrina tributaria
_g
- Nº 428 (nov. 2015)
_w
REV4296
999
_c
19640
_d
19640